00639nam a2200157ma 4500001001000000003000600010005001700016008004100033040002500074110006900099245007000168260004900238500012300287500004200410505002900452000016352UkOxU20200929164403.0500101s1960 mx 000 0 spa u aDO-SdBNPbspacBNPHU1 aSecretaría General de la Undécima Conferencia Interamericana10aBiblioteca ecuatoriana mínima :bLa colonia y la républica /. aPuebla, México :bJ. M. Cajica Jr.,c1960. aPublicación auspiciada por la Secretaría General de la Undécima Conferencia Interamericana, Quito, Ecuador, 1960 aIncluye notas al pie de las páginas gv.tRemigio Crespo Toral